00335nam a2200109Ia 4500008004100000041000800041082001400049100001600063245008900079260003800168300001900206241015s9999 xx 000 0 und d aeng a303.4 COO aMick Cooper aPsychology At The Heart Of Social Change-Developing A Progressive Vision For Society bPolicy PressaGreat Britainc2023 a347;. P. 23 cm